000 00724nam a2200205 a 4500
001 22745
003 CO-ViMGA
008 141112s2004 ck r 000 u spa d
020 _a9588060257
040 _aCO-ViMGA
_bspa
_cCO-ViMGA
082 0 4 _a628.166 V453e
100 1 _aVillegas de Brigard, Maria
_932458
245 1 0 _aEjercicios de purificacion de aguas
260 _aColombia :
_bEscuela Colombiana de Ingenieria
300 _a167p.
505 _aConceptos basicos de quimica, Equilibrio - ionizacion - producto de solubilidad, Analisis fisicos quimicos y bacteriologico, Coagulacion quimica del agua
650 1 4 _aANALISIS DEL AGUA
_932459
650 1 4 _aPURIFICACION DE AGUAS RESIDUALES
_932460
942 _2ddc
_cBK
999 _c31043
_d31043